Sudden Death: Vincitori Festival di Sanremo - Statistics

Statistiche generali
  • Questo quiz è stato fatto 618 volte
  • Il punteggio medio è 8 su 15
Answers on the Grid
Answers color-coded by a green-red scale on the quiz's grid according to % correct below.
Alex Britti
Annalisa Minetti
Arisa
Claudio Baglioni
Fedez
Giorgia
I Cugini di Campagna
Irene Grandi
Iva Zanicchi
Loredana Berté
Lucio Dalla
Marco Carta
Marco Mengoni
Massimo Ranieri
Matia Bazar
Mia Martini
Morgan
Nicola Di Bari
Nilla Pizzi
Noemi
Nomadi
Peppino Di Capri
Pooh
Povia
Pupo
Renato Zero
Renzo Arbore
Simone Cristicchi
Toto Cutugno
Vasco Rossi
 
Statistiche sulle risposte
Risposta % Corretto
Arisa
76%
Marco Mengoni
75%
Giorgia
72%
Marco Carta
54%
Massimo Ranieri
52%
Iva Zanicchi
49%
Simone Cristicchi
49%
Toto Cutugno
47%
Annalisa Minetti
42%
Matia Bazar
42%
Nilla Pizzi
41%
Povia
41%
Nicola Di Bari
40%
Pooh
37%
Peppino Di Capri
36%
Nessun quiz corrispondente trovato
Distribuzione punteggi
Percentuale di utenti per punteggio
Percentile per numero di risposta
I tuoi punteggi nel tempo
Non hai fatto questo quiz